Emma / (Record no. 164398)
[ view plain ]
| 000 -LEADER | |
|---|---|
| fixed length control field | 01205nam a2200289 4500 |
| 001 - CONTROL NUMBER | |
| control field | vtls000105260 |
| 003 - CONTROL NUMBER IDENTIFIER | |
| control field | MY-SjTCS |
| 005 - DATE AND TIME OF LATEST TRANSACTION | |
| control field | 20200226120435.0 |
| 008 - FIXED-LENGTH DATA ELEMENTS--GENERAL INFORMATION | |
| fixed length control field | 110218s1996 000 0 eng |
| 020 ## - INTERNATIONAL STANDARD BOOK NUMBER | |
| International Standard Book Number | 0140434151 (pbk.) |
| 039 #9 - LEVEL OF BIBLIOGRAPHIC CONTROL AND CODING DETAIL [OBSOLETE] | |
| Level of rules in bibliographic description | 201407011149 |
| Level of effort used to assign nonsubject heading access points | patrick |
| Level of effort used to assign subject headings | 201102181257 |
| Level of effort used to assign classification | VLOAD |
| Level of effort used to assign subject headings | 200812181639 |
| Level of effort used to assign classification | shuhada |
| Level of effort used to assign subject headings | 200811241747 |
| Level of effort used to assign classification | VLOAD |
| -- | 200407271810 |
| -- | VLOAD |
| 082 04 - DEWEY DECIMAL CLASSIFICATION NUMBER | |
| Classification number | 823.7 |
| Item number | AUS |
| 100 1# - MAIN ENTRY--PERSONAL NAME | |
| Personal name | Austen, Jane, |
| Dates associated with a name | 1775-1817. |
| 245 10 - TITLE STATEMENT | |
| Title | Emma / |
| Statement of responsibility, etc. | Jane Austen ; edited with an introduction and notes by Fiona Stafford |
| 260 ## - PUBLICATION, DISTRIBUTION, ETC. | |
| Place of publication, distribution, etc. | London : |
| Name of publisher, distributor, etc. | Penguin Books, |
| Date of publication, distribution, etc. | 1996. |
| 300 ## - PHYSICAL DESCRIPTION | |
| Extent | xxv, 416 p. ; |
| Dimensions | 20 cm. |
| 440 #0 - SERIES STATEMENT/ADDED ENTRY--TITLE | |
| Title | Penguin classics |
| 9 (RLIN) | 706 |
| 500 ## - GENERAL NOTE | |
| General note | First published 1816 |
| 505 0# - FORMATTED CONTENTS NOTE | |
| Formatted contents note | Introduction. - The Penguin Edition of the Novels of Jane Austen. - Note on the Text. - Emma. - Volume I. Volume II. Volume III. - Notes to the Text. - Select Bibliography. - List Of Emendations to the Text |
| 590 ## - LOCAL NOTE (RLIN) | |
| Local note | Literature Eng : 9695 |
| 650 #0 - SUBJECT ADDED ENTRY--TOPICAL TERM | |
| Topical term or geographic name entry element | Fathers and daughters |
| Form subdivision | Fiction. |
| 9 (RLIN) | 29306 |
| 650 #0 - SUBJECT ADDED ENTRY--TOPICAL TERM | |
| Topical term or geographic name entry element | Female friendship |
| Form subdivision | Fiction. |
| 9 (RLIN) | 777 |
| 650 #0 - SUBJECT ADDED ENTRY--TOPICAL TERM | |
| Topical term or geographic name entry element | Young women |
| Form subdivision | Fiction. |
| 9 (RLIN) | 1052 |
| 651 #0 - SUBJECT ADDED ENTRY--GEOGRAPHIC NAME | |
| Geographic name | England |
| Form subdivision | Fiction. |
| 9 (RLIN) | 23609 |
| 700 1# - ADDED ENTRY--PERSONAL NAME | |
| Personal name | Stafford, Fiona J. |
| Relator term | (ed.) |
| 9 (RLIN) | 79975 |
| 920 ## - Programme | |
| Programme | GEN : 101094 |
| Withdrawn status | Lost status | Source of classification or shelving scheme | Damaged status | Not for loan | Home library | Current library | Date acquired | Total Checkouts | Barcode | Date last seen | Date last checked out | Copy number | Koha item type | Public note |
|---|---|---|---|---|---|---|---|---|---|---|---|---|---|---|
| Withdrawn | Dewey Decimal Classification | Taylor's Library-TC | Taylor's Library-TC | 20/03/2009 | 24 | 5000077342 | 12/12/2019 | 22/11/2013 | 1 | Main Collection | GEN, 101094 | |||
| Missing Stock take | Dewey Decimal Classification | Taylor's Library-TC | Taylor's Library-TC | 27/07/2004 | 1000027975 | 12/12/2019 | 27/07/2004 | 1 | Main Collection | CALxx,03000,03,AD |